| 000 | 00510nab a2200145Ia 4500 | ||
|---|---|---|---|
| 003 | ES-SlBCS | ||
| 005 | 20210601131305.0 | ||
| 008 | 140529s2001 xxu||||| |||| 00| 0 fre d | ||
| 041 | _afre | ||
| 100 | 1 |
_aDormois, Jean-Pierre _9159486 |
|
| 245 | 0 | 0 |
_aÉtudiants montbéliardais au stift évangélique de Tübingen du XVIe au XVIIIe siècle _c Jean-Pierre Dormois |
| 650 | 0 | 4 |
_aMontbéliard _9183142 |
| 773 | 0 |
_tRevue D'histoire et de Philosophie Religieuses _gvol. 81, 2001, págs. 277-299 _wRev885 |
|
| 942 | _cAR | ||
| 999 |
_c560767 _d560767 |
||